00333nam a2200133Ia 4500008004100000020001500041041001200056082001600068100001500084245006000099260002500159300000700184650000800191221030s9999 xx 000 0 und d a8120311914 aEnglish a105.23bShe aL. E. Shea 4aThe Essence of Solid - State Electronicscby L. E. Shea bPHIaNew Delhic1997 a75 aECE